Aspectos procedimentales de las acciones de filiación (Registro nro. 32863)

Detalles MARC
000 -LEADER
fixed length control field 00368 a2200109 4500
001 - CONTROL NUMBER
control field ART_47716
005 - DATE AND TIME OF LATEST TRANSACTION
control field 20260410162018.0
008 - FIXED-LENGTH DATA ELEMENTS--GENERAL INFORMATION
fixed length control field 260409a
100 1# - MAIN ENTRY--PERSONAL NAME
Personal name Olmo, Juan P.
245 10 - TITLE STATEMENT
Title Aspectos procedimentales de las acciones de filiación
773 0# - HOST ITEM ENTRY
Title Temas de derecho de familia, sucesiones y bioética
Related parts - Año 3, N° 10 (oct. 2018)
Record control number REV41029

No hay ítems disponibles.